Name the Show to West End Theatre - Statistics

General Stats
  • This quiz has been taken 79 times
    42 since last reset
  • The average score is 18 of 36
Answer Stats
Theatre Show % Correct
Apollo Victoria Wicked
89%
Adelphi Back to the Future: The Musical
80%
His Majesty's The Phantom of the Opera
80%
Cambridge Matilda
74%
Vaudeville SIX
74%
Lyceum The Lion King
74%
Theatre Royal, Drury Lane Frozen (Closing 8 September)
71%
Victoria Palace Hamilton
71%
Novello Mamma Mia
71%
Savoy Mean Girls
66%
Shaftesbury Mrs. Doubtfire
66%
Prince of Wales The Book of Mormon
66%
Aldwych Tina - The Tina Turner Musical
66%
Sondheim Les Miserables
60%
Piccadilly Moulin Rouge!
60%
Lyric Hadestown
57%
Phoenix Stranger Things: The First Shadow
57%
Arts The Choir of Man
54%
St. Martin's The Mousetrap
54%
Wyndham's Next to Normal (Closing 21 September)
49%
Fortune Operation Mincemeat
49%
Playhouse Cabaret
46%
Palace Harry Potter and the Cursed Child
46%
Prince Edward MJ the Musical
46%
Criterion Two Strangers (Carry a Cake Across New York) (Closing 31 August)
34%
London Palladium Hello, Dolly (Closing 14 September)
31%
Dominion Sister Act (Closing 31 August)
31%
Duchess The Play That Goes Wrong
31%
Gillian Lynne The Wizard of Oz (Closing 8 September)
31%
Ambassadors Kathy and Stella Solve a Murder! (Closing 14 September)
26%
Apollo Fawlty Towers: The Play (Closing 31 August)
17%
@sohoplace Death of England (Closing 28 September)
9%
Noël Coward Slave Play (Closing 21 September)
9%
Geilgud Frank Skinner: 30 Years of Dirt (Closing 24 August)
3%
Trafalgar The 39 Steps (Closing 28 September)
3%
Theatre Royal Haymarket Farm Hall (Closing 31 August)
0%
No matching quizzes found
Score Distribution
Percent of People with Each Score
Percentile by Number Answered
Your Score History
You have not taken this quiz since the last reset